| LEADER | 00799nam a2200217 a 4500 | ||
|---|---|---|---|
| 001 | GR-MES4986 | ||
| 008 | 991111s gr 000 0 gre d | ||
| 040 | |a GrPaTEI |b gre |c GR-PaULI | ||
| 245 | 0 | 0 | |a Στάλιν : |b Μια βιογραφία |n 1ος. |
| 260 | |a Αθήνα : |b Δωδώνη, |c [χ.χ] | ||
| 300 | |a 160σελ. : |b φωτ. | ||
| 650 | 4 | |a Βιογραφία | |
| 650 | 4 | |a ΡΩΣΙΑ | |
| 650 | 4 | |a ΣΤΑΛΙΝ | |
| 700 | 1 | |a Trotsky, Leon, |d 1879-1940 | |
| 700 | 1 | |a Βαγενάς, Α. | |
| 710 | 0 | |a Δωδώνη | |
| 942 | |2 ddc | ||
| 952 | |0 0 |1 0 |2 ddc |4 0 |6 920_000000000000000_ΤΡΟ |7 0 |9 269631 |a MSLG |b MSLG |c BSC |d 2021-01-17 |e 24 |f 0 |g 0.00 |l 0 |o 920 ΤΡΟ |p 2420000010322 |r 2021-01-17 00:00:00 |t 1 |w 2021-01-17 |y BK15 |x 19991111 0 1 |x GrPaTEI | ||
| 971 | |a .b25760336 |b 16-04-20 |c 13-09-16 | ||
| 999 | |c 155598 |d 155598 | ||